| 000 -LEADER |
| fixed length control field |
01501cam a22002777a 4500 |
| 008 - FIXED-LENGTH DATA ELEMENTS--GENERAL INFORMATION |
| fixed length control field |
070912s2007 enk i000 0 eng d |
| 020 ## - INTERNATIONAL STANDARD BOOK NUMBER |
| International Standard Book Number |
9789280142372 |
|
| International Standard Book Number |
9280142372 |
| 082 00 - DEWEY DECIMAL CLASSIFICATION NUMBER |
| Classification number |
363.12381 I339 |
| 110 ## - MAIN ENTRY--CORPORATE NAME |
| 9 (RLIN) |
76 |
| Corporate name or jurisdiction name as entry element |
International Maritime Organization |
| 245 02 - TITLE STATEMENT |
| Title |
A pocket guide to recovery techniques. |
| 246 30 - VARYING FORM OF TITLE |
| Title proper/short title |
Recovery techniques |
|
| Title proper/short title |
Guide to recovery techniques |
| 250 ## - EDITION STATEMENT |
| Edition statement |
2007 ed. |
| 260 ## - PUBLICATION, DISTRIBUTION, ETC. (IMPRINT) |
| Place of publication, distribution, etc |
London : |
| Name of publisher, distributor, etc |
International Maritime Organization, |
| Date of publication, distribution, etc |
2007. |
| 300 ## - PHYSICAL DESCRIPTION |
| Extent |
34 p. : |
| Other physical details |
col. ill. ; |
| Dimensions |
21 x 10 cm. |
| 500 ## - GENERAL NOTE |
| General note |
"IMO publication sales number: I947E"--T.p. verso. |
| 505 2# - FORMATTED CONTENTS NOTE |
| Formatted contents note |
Introduction : your part in recovery at sea -- Aims of this guide -- The task of recovery : possible problems -- Planning for recovery -- Providing assistance prior to recovery -- The recovery process -- Bringing people to the side of the ship -- Getting people aboard the ship : factors to consider -- Getting people aboard the ship : climbing and lifting -- Standing by when people cannot be recovered -- Immediate care of people recovered -- Conclusions. |
| 650 #0 - SUBJECT ADDED ENTRY--TOPICAL TERM |
| Topical term or geographic name as entry element |
Lifesaving |
| Form subdivision |
Handbooks, manuals, etc. |
|
| Topical term or geographic name as entry element |
Search and rescue operations |
| Form subdivision |
Handbooks, manuals, etc. |
|
| Topical term or geographic name as entry element |
Shipwreck survival |
| Form subdivision |
Handbooks, manuals, etc. |
|
| Topical term or geographic name as entry element |
Ships |
| General subdivision |
Safety measures |
| Form subdivision |
Handbooks, manuals, etc. |
| 710 2# - ADDED ENTRY--CORPORATE NAME |
| Corporate name or jurisdiction name as entry element |
International Maritime Organization. |
| 856 41 - ELECTRONIC LOCATION AND ACCESS |
| Uniform Resource Identifier |
<a href="http://www.loc.gov/catdir/toc/fy0804/2007532656.html">http://www.loc.gov/catdir/toc/fy0804/2007532656.html</a> |
| 942 ## - ADDED ENTRY ELEMENTS (KOHA) |
| Item type |
Books |